书目信息 |
| 题名: |
人文素养综合教程
|
|
| 作者: | 徐义华 主编 | |
| 分册: | ||
| 出版信息: | 武汉 华中科技大学出版社 2006 |
|
| 页数: | 156页 | |
| 开本: | 26cm | |
| 丛书名: | ||
| 单 册: | ||
| 中图分类: | G718.3 | |
| 科图分类: | ||
| 主题词: | 素质教育--中等专业教育--教材 , 素质教育 | |
| 电子资源: | ||
| ISBN: | 7-5609-3670-9 | |
| 000 | 00854nam0 2200241 450 | |
| 001 | 1233252750 | |
| 005 | 20121007091456.43 | |
| 010 | @a7-5609-3670-9@dCNY16.80 | |
| 100 | @a20060210d2006 em y0chiy50 ea | |
| 101 | 0 | @achi |
| 102 | @aCN@b420000 | |
| 105 | @aa z 000yy | |
| 200 | 1 | @a人文素养综合教程@Aren wen su yang zong he jiao cheng@f徐义华主编 |
| 210 | @a武汉@c华中科技大学出版社@d2006 | |
| 215 | @a156页@c彩照@d26cm | |
| 300 | @a中等职业技术教育系列教材 | |
| 330 | @a本书以健康心理、现代礼仪、创新与创造、赏美塑美、武汉人文、中职生的未来等多方面知识为基本内容,打破传统学科体系,把多学科知识融为一体,并将知识传授和能力培养紧密结合。 | |
| 606 | 0 | @a素质教育@x中等专业教育@j教材 |
| 606 | 0 | @a素质教育 |
| 690 | @aG718.3@v4 | |
| 701 | 0 | @a徐义华@Axu yi hua@c(职业教育)@4主编 |
| 801 | 0 | @aCN@bNLC@c20101222 |
| 905 | @a10447@dG718.3@eJY105 | |
| 人文素养综合教程/徐义华主编.-武汉:华中科技大学出版社,2006 |
| 156页:彩照;26cm |
| 中等职业技术教育系列教材 |
| ISBN 7-5609-3670-9:CNY16.80 |
| 本书以健康心理、现代礼仪、创新与创造、赏美塑美、武汉人文、中职生的未来等多方面知识为基本内容,打破传统学科体系,把多学科知识融为一体,并将知识传授和能力培养紧密结合。 |
| ● |
| 相关链接 |
|
|
|
|
正题名:人文素养综合教程
索取号:G718.3/JY105
 
预约/预借
| 序号 | 登录号 | 条形码 | 馆藏地/架位号 | 状态 | 备注 |
| 1 | 7828154 | 278281547 | 学院路分馆/ [索取号:G718.3/JY105] | 在馆 | |
| 2 | 7828155 | 278281556 | 学院路分馆/ [索取号:G718.3/JY105] | 在馆 |